MDQL
is popping MORE tags! Check the
thread
!
Quizzes
Events
Quiz Creation
Community
Videos
Private Events
Remove Ads
Sign In
Join for FREE
Feedback
Dark Mode
Quiz Categories
Sports
Geography
Music
Movies
Television
Just For Fun
Miscellaneous
History
Literature
Language
Science
Gaming
Entertainment
Religion
Holiday
For Kids
Quiz Lab
Recent
Popular Today
Quiz Kudos Today
Editor Picks
Curator Picks
Quizzes by...
Day
Popularity
Type
Ratings
Length
Year
Community
Subscriptions
Recent Discussions
Orange Saloon
Badges
Playlists
Quests
Create
Leaderboards
Showdown
Live 5
Trivia Bingo
Activity
Puzzle Library
Sporcle Events
Private Events
Virtual Trivia
Globe League
Become a Host
Pub Owners
SporcleCon
Opinionation
Our Games
Videos
Blog
Mobile Apps
Partnerships
Remove Ads and Go Orange
Feedback
Music
Pop Music
The Beatles
Song
Album
Lyrics
Bands
Singers
Artist
Clip
Rock
Rap
Classical
Billboard
Country Music
Kpop
Taylor Swift
Music
Pop Music
The Beatles
Song
Album
Lyrics
Bands
Singers
Artist
Clip
Rock
Rap
Classical
Billboard
Country Music
Kpop
Taylor Swift
Random Quiz
Search Sporcle
×
Curator Pick
Curator Pick
Music
Classical
Type in answers that appear in a list
Type in answers that appear in a list
Classic
Best Score? Go Orange.
Classical Composers by Group Stats
Can you name the classical composers based on the group they're sometimes associated with?
By
Rom
7m
27 Questions
160 Plays
160 Plays
160 Plays
Comments
Comments
Give Quiz Kudos
Give Quiz Kudos
-
- Ratings
hide this ad
Replay
Link that replays current quiz
Next Quiz
Link to next quiz in quiz playlist
You Got
0%
They Got
Avg Score
27%
Avg Friend Score
Upgrade to see
Score Distribution
Jump to the score distribution portion of the page
Score
0/27
Timer
07:00
0
Plays Today
Group
Composer
% Correct
The Mighty Handful (Russia)
Modest Mussorgsky
84.9%
The Mighty Handful (Russia)
Nikolai Rimsky-Korsakov
83.6%
The Mighty Handful (Russia)
Alexander Borodin
78%
The Mighty Handful (Russia)
Cesar Cui
62.9%
The Mighty Handful (Russia)
Mily Balakirev
50.3%
Les Six (France)
Francis Poulenc
48.4%
American Five
Charles Ives
42.8%
Les Six (France)
Darius Milhaud
37.1%
Les Six (France)
Arthur Honegger
32.1%
Les Six (France)
Georges Auric
23.3%
Les Six (France)
Germaine Tailleferre
20.8%
Boston Six
Amy Beach
18.9%
Les Six (France)
Louis Durey
17%
Boston Six
Edward MacDowell
14.5%
Group
Composer
% Correct
Boston Six
Arthur Foote
12.6%
Boston Six
George Whitefield Chadwick
12.6%
American Five
Henry Cowell
11.3%
American Five
Carl Ruggles
10.1%
The Turkish Five
Ahmed Adnan Saygun
10.1%
American Five
John J. Becker
8.8%
The Turkish Five
Cemal Reşit Rey
8.8%
Boston Six
John Knowles Paine
8.2%
American Five
Wallingford Riegger
7.5%
Boston Six
Horatio Parker
7.5%
The Turkish Five
Ulvi Cemal Erkin
7.5%
The Turkish Five
Necil Kazım Akses
7.5%
The Turkish Five
Hasan Ferit Alnar
5.7%
Quiz Playlist
Details
Report
Send in Message
Add To Playlist
Classic:
Type in answers that appear in a list
Last Updated: Feb 16, 2017
Curator Pick in
Classical
Quiz Scoreboard
CHALLENGE
Sign Up to Join the Scoreboard
Show All
Scores
Hide
Comments
May contain spoilers
Recently Published
1-10 Letter E Words III
by El_Dandy
Language
2m
Street Fighter Characters
by Artimus82
Gaming
60s
College Basketball Coaching Resumes
by pancakes188
Sports
9m
More to Explore
Quiz From the Vault
Featured Blog Post
Where Did the Easter Bunny Come From?
hide this ad
You Might Also Like...
Tags
Classical Quiz
classic
compose
Composer
Composers
group
Russian Composers
Today's Top Quizzes in Music
Browse Music
hide this ad
Today's Top Quizzes in Classical
Browse Classical
Top Contributed Quizzes in Music
1
Taylor Swift All Songs (2024)
2
Taylor Swift Logic Puzzle
3
Guess the Artist- 70s Songs
4
7-to-1: Billboard Hot 100 #1 Hits of 2010s
5
Sorting Albums and Songs
6
KPOP LOGIC QUIZ
7
Billboard Blitz: Aretha Franklin
8
Guess the Taylor Swift song (Mystery Song)
9
Guess The Taylor Swift Lyrics Song #1
10
Billboard Blitz: ABBA
Explore More
Trending Topics
Anime
NBA
Harry Potter
Kpop
Crossword
Disney
Marvel
Pokémon
Song
Puzzle
NFL
The Office
Soccer
Country
WWE
hide this ad
More By:
Rom
Quiz
Plays
Rating
Category
Featured
Created
Countries with Most French Speakers
101,982
4.11
Geography
Aug 22, 2014
States in Sentences
40,284
4.41
Just For Fun
Sep 10, 2011
Asian Countries by Second Largest City
38,502
4.62
Geography
Mar 15, 2015
Who's Taller? (NBA-Style)
28,502
2.11
Sports
Apr 22, 2010
Car Crash Celebrities
20,979
3.65
Miscellaneous
Sep 25, 2011
Go to Creator's Profile
Score Distribution
Quiz Creator Spotlight
Rom
Follow
Send a Message
Quizzes Created
-
Created Quiz Play Count
-
More By This Creator
Popular Quizzes Today
1
Find the US States - No Outlines Minefield
2
Find the Countries of Europe - No Outlines Minefield
3
The Countries of the World
4
Find the US States
5
Risky Map Clicking: Biggest States A-Z
6
US States
7
Popular People in 1961
8
Movies - When Are They Set?
More Music Quizzes
LOONA MVs
Quiz Lab
Trending Quizzes
Risky Map Clicking: Least Populous States A-Z
USA Borders Longest to Shortest
1-10 Letter G Words
1-10 Letter F Words
Countries of the World: 200 Million BC
Recently Updated
Leaping Animals
pecheneg
Reality TV Shows (A-Z)
bhenderson79
Rickey Henderson's Hall of Fame Teammates
pecheneg
Champions League XIs: Arsenal
pecheneg
Quick Pick: Celebrities in WWE's Hall of Fame
aduchscher
A-Z Keypad Blitz II
pecheneg
Multiple Oscar Actors
pecheneg
Mystery Phrase Blitz: Oscar 'Best Actors'
pecheneg
F. Scott Fitzgerald Novels
LTH
Pick 3 Villains
ddd62291
Trending Topics
Harry Potter
Marvel
Disney
Anime
Kpop
Crossword
NBA
WWE
Song
The Office
NFL
Pokémon
Soccer
Country
Puzzle
Your Account Isn't Verified!
In order to create a playlist on Sporcle, you need to verify the email address you used during registration. Go to your
Sporcle Settings
to finish the process.
Report this User
Report this user for behavior that violates our
Community Guidelines
.
Details:
Send Report
Go to the Sporcle.com Mobile Site →
Comments